Crónica de la jornada que para perpetua memoria publica la Diputación Provincial de Barcelona
Descripción Física:
53 p., [6] f. de làm. ; 31'5 cm
MARC
| LEADER | 00000nam a2200000Ia 4500 | ||
|---|---|---|---|
| 001 | 7850 | ||
| 008 | 160829s1929?] xx 000 0 cat d | ||
| 080 | |a FOL-1-127 | ||
| 245 | |a Crónica de la jornada que para perpetua memoria publica la Diputación Provincial de Barcelona | ||
| 260 | |a Barcelona : |b [Diputació, |c 1929?] | ||
| 300 | |a 53 p., [6] f. de làm. ; |c 31'5 cm | ||
| 590 | |a Abans del títol: En 28 de mayo de 1929, el Rey, nuestro augusto señor, hizo entrega al Real Monasterio de Montserrat de la bandera que las Diputaciones Provinciales de España ofrendaron a la Virgen Morena, nuestra excelsa patrona, como recuerdo de la visita colectiva que la hicieron en junio de 1927. | ||
| 650 | |a Reis |x Viatges |x Montserrat |x 1929 |9 31470 | ||
| 650 | 0 | |a Visites oficials |9 54039 |z Barcelona (Província) | |
| 651 | 0 | |a Espanya |x Reis i sobirans |9 54042 | |
| 710 | 1 | |a Barcelona (Catalunya : Província). |b Diputació |9 52408 | |
| 901 | |a Arxiu | ||
| 942 | |n 1 |2 udc | ||
| 952 | |0 0 |1 0 |4 0 |6 FOL1127 |7 1 |9 45612 |a Arxiu |b Arxiu |d 2016-12-01 |l 0 |o FOL-1-127 |p 7850 |r 2016-12-01 00:00:00 |w 2016-12-01 |y ARXIU | ||
| 999 | |c 49111 |d 49111 | ||